| 000 | 00900nam a22002537a 4500 | ||
|---|---|---|---|
| 999 |
_c7085 _d7085 |
||
| 003 | AR-CdUCM | ||
| 008 | 190319b ||||| |||| 00| 0 spa d | ||
| 040 |
_aMUNICIPALIDAD PROVINCIAL DEL CUSCO _cBIBLIOTECA MUNICIPAL DEL CUSCO |
||
| 041 | _heng | ||
| 082 |
_a818.5 / _bM13 |
||
| 100 |
_aMacLeish, Archibald _919950 |
||
| 245 | _aLos Irresponsables / | ||
| 260 |
_aBuenos Aires : _bLosada, _c1942. |
||
| 300 |
_a220 páginas ; _c22 cm. |
||
| 440 |
_aCristal del tiempo _919951 |
||
| 500 | _aDonación de la familia Nieto. Título del original inglés: A time to speak. Traducción directa por Pedro Henríquez Ureña y Pedro Lecuona. | ||
| 650 |
_aEstados Unidos de note América _919952 |
||
| 650 |
_aEnsayos _9375 |
||
| 650 |
_aSiglo XIX _9971 |
||
| 700 |
_aHenríquez Ureña, Pedro (Traductor) _919953 |
||
| 700 |
_aLecuona, Pedro (Traductor) _919954 |
||
| 942 |
_2ddc _cLIBROS |
||
| 945 | _araen | ||